| 000 | 00560nam a2200193 a 4500 | ||
|---|---|---|---|
| 001 | 000037962 | ||
| 003 | DO-SdBNP | ||
| 005 | 20221115145257.0 | ||
| 007 | ta | ||
| 008 | 130311s19uu dr a 000 0 spa d | ||
| 020 | _a9789945486063 | ||
| 040 |
_aDO-SdBNP _bspa _cBNPHU |
||
| 082 | 4 | _222 | |
| 245 | 0 | 4 |
_aLos derechos y deberes fundamentales en la constitución : _bguía práctica. |
| 260 |
_aSanto Domingo : _bConsejo Nacional de Reforma del Estado, _c[201?]. |
||
| 300 |
_a73 p. : _bils. ; _c22 cm. |
||
| 590 | _aInventariado, 2022/BT | ||
| 942 |
_2ddc _cLBS1 |
||
| 999 |
_c37452 _d37452 |
||